A princess of Mars / (Record no. 1780)

000 -LEADER
fixed length control field 01200nam a22003617a 4500
001 - CONTROL NUMBER
control field 17272931
003 - CONTROL NUMBER IDENTIFIER
control field OSt
005 - DATE AND TIME OF LATEST TRANSACTION
control field 20210419090659.0
008 - FIXED-LENGTH DATA ELEMENTS--GENERAL INFORMATION
fixed length control field 120426s1963 nyu 000 1 eng d
010 ## - LIBRARY OF CONGRESS CONTROL NUMBER
LC control number 2012397771
020 ## - INTERNATIONAL STANDARD BOOK NUMBER
International Standard Book Number 9780345331380 (pbk.)
020 ## - INTERNATIONAL STANDARD BOOK NUMBER
International Standard Book Number 0345331389 (pbk.)
035 ## - SYSTEM CONTROL NUMBER
System control number (OCoLC)ocm44489345
040 ## - CATALOGING SOURCE
Original cataloging agency SNN
Transcribing agency SNN
Modifying agency OCLCQ
-- OCLCG
-- DLC
Language of cataloging eng
041 ## - LANGUAGE CODE
Language code of text/sound track or separate title eng
042 ## - AUTHENTICATION CODE
Authentication code lccopycat
050 00 - LIBRARY OF CONGRESS CALL NUMBER
Classification number CPB Box no. 54 vol. 16
080 ## - UNIVERSAL DECIMAL CLASSIFICATION NUMBER
Universal Decimal Classification number 821.111
Item number B-96
100 1# - MAIN ENTRY--PERSONAL NAME
Personal name Burroughs, Edgar Rice,
Dates associated with a name 1875-1950.
245 12 - TITLE STATEMENT
Title A princess of Mars /
Statement of responsibility, etc. Edgar Rice Burroughs.
Remainder of title / by: Ballantine Books
260 ## - PUBLICATION, DISTRIBUTION, ETC.
Place of publication, distribution, etc. New York
Name of publisher, distributor, etc. Ballantine Books
Date of publication, distribution, etc. 1963
300 ## - PHYSICAL DESCRIPTION
Extent 159 p.
Dimensions 18 cm.
365 ## - TRADE PRICE
Price amount 5.99 usd
490 1# - SERIES STATEMENT
Series statement The Martian tales of Edgar Rice Burroughs ;
Volume/sequential designation 1
500 ## - GENERAL NOTE
General note "A Del Rey book."
650 #0 - SUBJECT ADDED ENTRY--TOPICAL TERM
9 (RLIN) 247
Topical term or geographic name entry element English literature
653 ## - INDEX TERM--UNCONTROLLED
Uncontrolled term ინგლისური ლიტერატურა
710 2# - ADDED ENTRY--CORPORATE NAME
Corporate name or jurisdiction name as entry element Copyright Paperback Collection (Library of Congress)
Institution to which field applies DLC
830 #0 - SERIES ADDED ENTRY--UNIFORM TITLE
Uniform title Martian tales of Edgar Rice Burroughs ;
Volume/sequential designation 1.
906 ## - LOCAL DATA ELEMENT F, LDF (RLIN)
a 7
b cbc
c copycat
d 2
e ncip
f 20
g y-genrareb
942 ## - ADDED ENTRY ELEMENTS (KOHA)
Source of classification or shelving scheme
Koha item type Books
Holdings
Withdrawn status Lost status Source of classification or shelving scheme Damaged status Not for loan Permanent location Current location Date acquired Inventory number Total Checkouts Full call number Barcode Date last seen Price effective from Koha item type
          Ken Walker International University Ken Walker International University 02/27/2021 1961   821.111 B-96 1961 02/27/2021 02/27/2021 Books

Powered by Koha